What think ye of the Congress now Or, An enquiry, how far the Americans are bound to abide by and execute the decisions of, the late Congress? (Record no. 70442)

000 -LEADER
fixed length control field 00566nam a22001697a 4500
003 - CONTROL NUMBER IDENTIFIER
control field NUST - PNEC
005 - DATE AND TIME OF LATEST TRANSACTION
control field 20170116181140.0
008 - FIXED-LENGTH DATA ELEMENTS--GENERAL INFORMATION
fixed length control field 151008b xxu||||| |||| 00| 0 eng d
020 ## - INTERNATIONAL STANDARD BOOK NUMBER
International Standard Book Number 877629439
040 ## - CATALOGING SOURCE
Transcribing agency LIBRARY
082 ## - DEWEY DECIMAL CLASSIFICATION NUMBER
Classification number 641.59 CHA
100 ## - MAIN ENTRY--PERSONAL NAME
9 (RLIN) 14573
Personal name Chandler, Thomas Bradbury
245 ## - TITLE STATEMENT
Title What think ye of the Congress now Or, An enquiry, how far the Americans are bound to abide by and execute the decisions of, the late Congress?
Statement of responsibility, etc. Thomas Bradbury,Chandler
260 ## - PUBLICATION, DISTRIBUTION, ETC.
Date of publication, distribution, etc. c 1992
650 ## - SUBJECT ADDED ENTRY--TOPICAL TERM
9 (RLIN) 14574
Topical term or geographic name entry element United States
General subdivision General
942 ## - ADDED ENTRY ELEMENTS (KOHA)
Source of classification or shelving scheme
Koha item type Book
Holdings
Withdrawn status Lost status Source of classification or shelving scheme Damaged status Not for loan Permanent Location Current Location Shelving location Date acquired Total Checkouts Full call number Barcode Date last seen Price effective from Koha item type
          Pakistan Navy Engineering College (PNEC) Pakistan Navy Engineering College (PNEC)   10/08/2015   641.59 CHA PNECLIB-026442 10/08/2015   Book
© 2023 Central Library, National University of Sciences and Technology. All Rights Reserved.